[Event "45th FIDE Chess Olympiad Open"]
[Site "Budapest, Hungary"]
[Date "2024.09.13"]
[Round "3.229"]
[White "Liyanage, Ranindu Dilshan"]
[Black "Miguel, Sergio"]
[Result "1-0"]
[WhiteElo "2366"]
[BlackElo "2241"]
[PlyCount "89"]
[EventDate "2024.??.??"]
[WhiteTeam "Sri Lanka"]
[BlackTeam "Angola"]
[WhiteTeamCountry "SRI"]
[BlackTeamCountry "ANG"]
[WhiteClock "0:20:41"]
[BlackClock "0:25:19"]

1. e4 e5 2. Nf3 Nc6 3. Bc4 Nf6 4. d3 h6 5. c3 d6 6. a4 g6 7. a5 a6 8. Qb3 Qe7 9. O-O Bg7 10. Re1 O-O 11. d4 Nd8 ({RR} 11... Nh5 12. Be3 g5 13. d5 Nd8 14. Qd1 Nf4 15. Bxf4 gxf4 16. Nbd2 Kh8 17. b4 Rg8 18. Kh1 Bg4 19. h3 Bd7 20. Bd3 Bf6 21. Qe2 Qf8 22. Rg1 Be7 23. c4 f6 24. Nh4 Nf7 25. Nf5 c6 26. Nf3 {Vaishali,R (2506)-Khademalsharieh,S (2489) Tbilisi GEO 2024 1-0 (46)}) 12. Nbd2 Nh7 $146 ({RR} 12... Kh8 13. Qa3 Re8 14. Bb3 Nc6 15. Ba4 Bd7 16. d5 Nd8 17. c4 Rf8 18. b4 b5 19. axb6 cxb6 20. Qe3 Bxa4 21. Rxa4 Nd7 22. Bb2 Nb7 23. Rea1 a5 24. Nb3 Rab8 25. bxa5 Nbc5 26. Rb4 bxa5 27. Rxb8 {Sengupta,D (2473)-Subhayan,K (2353) Nagpur IND 2023 ½-½ (80)}) ({RR} 12... Nh5 13. Qd1 Bg4 14. h3 Bd7 15. Bf1 Bb5 16. Nc4 Nf4 17. b3 Bxc4 18. Bxc4 g5 19. g3 Ng6 20. d5 Qd7 21. Kg2 Kh8 22. Ra2 Rc8 23. Nh2 f6 24. Be2 Ne7 25. Bg4 f5 26. exf5 Nxf5 27. Nf1 {Kasioumis,V (2347)-Spyropoulos,N (2432) Nikaia GRE 2023 1-0 (40)}) 13. Qa3 Qf6 14. Nf1 Bg4 15. dxe5 dxe5 16. N3d2 Be6 17. Ne3 Bxc4 18. Ndxc4 Qh4 19. Nd5 Ne6 20. Qe7 Qg4 21. h3 Qh5 22. Kh2 g5 23. Nde3 Rfd8 24. Ng4 Bf8 25. Qf6 Nc5 26. Qf3 Bg7 27. Be3 Nd3 28. Red1 Qg6 29. Rxd3 Rxd3 30. Ngxe5 Qe6 31. Nxd3 Qxc4 32. Nc5 Re8 33. Ra4 Qb5 34. Rb4 Qxa5 35. Rxb7 Bf8 36. b4 Bd6+ 37. g3 Qa2 38. Bd4 Qc2 39. Nd3 h5 40. e5 g4 41. hxg4 Ng5 42. Qf5 Be7 43. Rxc7 Bd8 44. Rd7 hxg4 45. Qxg4 1-0

[Event "45th FIDE Chess Olympiad Open"]
[Site "Budapest, Hungary"]
[Date "2024.09.13"]
[Round "3.230"]
[White "Silva, David"]
[Black "Amarathunga, Kosala Sandeepa Cha"]
[Result "1-0"]
[WhiteElo "2363"]
[BlackElo "1956"]
[PlyCount "77"]
[EventDate "2024.??.??"]
[WhiteTeam "Angola"]
[BlackTeam "Sri Lanka"]
[WhiteTeamCountry "ANG"]
[BlackTeamCountry "SRI"]
[WhiteClock "0:33:36"]
[BlackClock "0:00:36"]

1. e4 e6 2. Qe2 c5 3. Nf3 Nc6 4. g3 g6 5. Bg2 d6 6. O-O Bg7 7. c3 Nge7 8. Rd1 e5 9. Na3 O-O 10. Nc2 Qb6 11. Ne3 h6 12. d3 Be6 13. Nh4 Rae8 $146 ({RR} 13... Kh7 14. Nd5 Qd8 15. Qe1 f5 16. f4 Bg8 17. Nxe7 Qxe7 18. Be3 Rad8 19. Rd2 Be6 20. Nf3 d5 21. exf5 Bxf5 22. fxe5 d4 23. cxd4 cxd4 24. Bf2 Bg4 25. Qe4 Bxf3 26. Bxf3 Nxe5 27. Bg2 Qg5 28. Rc2 {Munteanu,D (2110)-Ciubara,V (2062) Tusnad 2004 0-1 (41)}) ({RR} 13... Rad8 14. Nd5 Bxd5 15. exd5 Nb8 16. g4 Nd7 17. c4 Rde8 18. Kh1 Nf6 19. h3 Qd8 20. Qf3 Nh7 21. Qg3 Qd7 22. Rg1 g5 23. Nf3 f5 {½-½ (23) Djordjevic,M (2305)-Ris,B (2130) Vrnjacka Banja 1996}) 14. Rf1 f5 15. Nd5 Bxd5 16. exd5 Nb8 17. Rb1 a5 18. Qd1 Nd7 19. b4 axb4 20. cxb4 Nf6 21. Be3 Qc7 22. bxc5 dxc5 23. Qb3 Qd6 24. Rfc1 Nd7 25. f4 exf4 26. Bxf4 Ne5 27. Nf3 Kh7 28. Kh1 Nc8 29. d4 cxd4 30. Nxd4 Rf7 31. Ne6 Bf6 32. Re1 g5 33. Bxe5 Bxe5 34. Qe3 Bf6 35. Nxg5+ Bxg5 36. Qxe8 Rc7 37. Re6 Qd7 38. Qg6+ Kh8 39. Re8+ 1-0

[Event "45th FIDE Chess Olympiad Open"]
[Site "Budapest, Hungary"]
[Date "2024.09.13"]
[Round "3.231"]
[White "Kodithuwakku, K K Dinujaya"]
[Black "Junior, Domingos"]
[Result "1-0"]
[WhiteElo "1827"]
[BlackElo "2183"]
[PlyCount "117"]
[EventDate "2024.??.??"]
[WhiteTeam "Sri Lanka"]
[BlackTeam "Angola"]
[WhiteTeamCountry "SRI"]
[BlackTeamCountry "ANG"]
[WhiteClock "0:43:03"]
[BlackClock "0:29:46"]

1. e4 c6 2. d4 d5 3. exd5 cxd5 4. Bd3 Nc6 5. c3 Qc7 6. Ne2 e6 7. Bf4 Bd6 8. Bxd6 Qxd6 9. O-O Nf6 10. Nd2 O-O 11. f4 ({RR} 11. Nf3 e5 12. dxe5 Nxe5 13. Nxe5 Qxe5 14. Nd4 Bg4 15. f3 Qe3+ 16. Kh1 Bd7 17. Re1 Qf4 18. Qc1 Qd6 19. Nf5 Bxf5 20. Bxf5 Rfe8 21. Qd2 Re5 22. Rxe5 Qxe5 23. Bc2 Re8 24. Kg1 h5 25. Rd1 h4 {Grob,J (2093)-Stark,J (1954) Bregenz AUT 2024 ½-½ (38)}) 11... a6 12. Qc2 $146 ({RR} 12. Qe1 Ne8 13. Qh4 f5 14. Rf3 Qe7 {½-½ (14) Csolto,T (2097)-Tropp,F (2133) Slovakia 2016}) 12... b5 13. a3 Bb7 14. Nf3 Rac8 15. Ne5 Na5 16. Ng3 Nc4 17. Qe2 Qe7 18. f5 Rce8 19. Rae1 Qc7 20. Ng4 Nxg4 21. Qxg4 exf5 22. Nxf5 f6 23. Nh6+ Kh8 24. Rxe8 Rxe8 25. Qh5 g6 26. Bxg6 Rf8 27. Nf7+ Rxf7 28. Bxf7 Qe7 29. Bxd5 Ne3 30. Qf7 Nxd5 31. Qxe7 Nxe7 32. Rxf6 Kg7 33. Rb6 Bc8 34. Kf2 Kf7 35. h3 Nd5 36. Rd6 Nf6 37. Rc6 Be6 38. Rxa6 Ke7 39. a4 bxa4 40. Rxa4 Ne4+ 41. Ke3 Nd6 42. Ra7+ Bd7 43. Kd3 Nb5 44. Ra5 Bf5+ 45. Kd2 Nd6 46. b3 Be4 47. g3 Bg6 48. Ke3 Bc2 49. Ra7+ Ke6 50. Ra3 Nb5 51. Ra6+ Kd7 52. c4 Nd6 53. Ra7+ Ke6 54. d5+ Kf6 55. Ra3 Ke5 56. g4 Ne4 57. Ra7 Nc5 58. b4 Na4 59. Ra6 1-0

[Event "45th FIDE Chess Olympiad Open"]
[Site "Budapest, Hungary"]
[Date "2024.09.13"]
[Round "3.232"]
[White "Domingos, Catarino"]
[Black "Bandara, Dhanushka"]
[Result "1/2-1/2"]
[WhiteElo "2229"]
[BlackElo "1903"]
[PlyCount "176"]
[EventDate "2024.??.??"]
[WhiteTeam "Angola"]
[BlackTeam "Sri Lanka"]
[WhiteTeamCountry "ANG"]
[BlackTeamCountry "SRI"]
[WhiteClock "0:01:11"]
[BlackClock "0:03:34"]

1. Nf3 {Marin,Mihail} Nf6 2. g3 d5 3. Bg2 c5 4. O-O Nc6 5. d4 e6 6. c4 dxc4 7. dxc5 Qxd1 8. Rxd1 Bxc5 9. Nbd2 c3 10. bxc3 e5 ({RR} 10... O-O 11. Ne1 ({RR} 11. Nb3 Be7 12. c4 Bd7 13. Bb2 Rac8 14. Rac1 Rfd8 15. Ne5 Nxe5 16. Bxe5 Bc6 17. Bxc6 Rxc6 18. Rxd8+) 11... Be7 ({RR} 11... Rd8) 12. Nd3 Nd5 13. Bb2 Nb6 14. Rab1 Na5 15. Ba1 Rd8 16. c4 Naxc4 17. Nxc4 Nxc4 18. Bxb7 Bxb7 19. Rxb7 Bf6 20. Bxf6 gxf6 21. Rc1 Nd6 22. Re7 Nb5 23. a4 Kf8 24. Rb7 Nd6 25. Rbc7 {Gelfand,B (2758)-Ponomariov,R (2739) Khanty-Mansiysk 2009 CBM 134 [Marin,Mihail] 1-0 (52)}) 11. Nb3 Be7 ({RR} 11... Bb6 12. Bb2 Be6 13. e3 h6 14. c4 Nd7 15. c5 Bc7 16. Nfd2 a5 17. Ne4 a4 18. Nc1 a3 19. Bc3 O-O 20. Rb1 Rab8 21. Nb3 f5 22. Nd6 Bxb3 23. Rxb3 Nxc5 24. Nxb7 Nxb3 25. Bxc6 Kh7 26. axb3 {Bouvet,F (2251)-Abergel,T (2412) Avoine FRA 2024 ½-½ (65)}) 12. Be3 $146 ({RR} 12. c4 Be6 13. c5 h6 14. Bb2 Nd7 15. Nfd2 a5 16. a4 O-O 17. Ba3 Rfd8 18. Rab1 Nf6 19. Rdc1 Rac8 20. Nc4 Bxc4 21. Rxc4 Nd5 22. Rd1 Nb6 23. Rxd8+ Rxd8 24. Rc1 Nxa4 25. Bxc6 bxc6 26. Nxa5 Rd5 {Tomashevsky,E (2695)-Adly,A (2594) Dubai 2014 1-0 (59)}) ({RR} 12. c4 O-O 13. Bb2 e4 14. Nfd4 Nxd4 15. Nxd4 Bd7 16. Nb5 Bc6 17. Rab1 Nd7 18. Nd6 Bxd6 19. Rxd6 Nb6 20. Rc1 Rfd8 21. c5 Rxd6 22. cxd6 Rd8 23. Ba3 f6 24. f3 Nc8 25. Rd1 exf3 26. exf3 Kf7 {Mikaelyan,A (2445)-Chigladze,I (2364) Tbilisi 2015 ½-½ (67)}) ({RR} 12. Bb2 Be6 13. c4 Nd7 14. Nfd2 f6 15. Bd5 Kf7 16. f4 Rac8 17. Nf3 Rhd8 18. e4 Nb6 19. Rac1 Nb4 20. fxe5 Nxc4 21. Bxe6+ Kxe6 22. Rxd8 Bxd8 23. Nbd4+ Ke7 24. Nd2 Nb6 25. Nf5+ Kf8 26. Rxc8 Nxc8 {Lysyj,I (2603)-Safin,T (2216) Cheliabinsk 2021 1-0 (39)}) 12... Bf5 13. Nh4 Be4 14. f3 Bg6 15. Nc5 Na5 16. Bf2 Rc8 17. Nxg6 hxg6 18. Nd3 Nd7 19. Rab1 b6 20. Rb5 f6 21. Rd5 Rc7 22. h4 Nb8 23. f4 exf4 24. Nxf4 Rxc3 25. Nxg6 Rh6 26. Nxe7 Kxe7 27. Be1 Rc4 28. Rd8 Nac6 29. Rc8 Rh5 30. Rc7+ Kf8 31. Rc8+ Ke7 32. Bf3 Re5 33. Bf2 Rc2 34. Kf1 Re6 35. Bg4 Rd6 36. Rc7+ Kd8 37. Rc8+ Ke7 38. Rxd6 Kxd6 39. Be3 Nd7 40. Bf4+ Nde5 41. Rg8 Ke7 42. Bf5 Rxa2 43. Rxg7+ Kf8 44. Rc7 Nd4 45. Bd3 Nxd3 46. exd3 Ne6 47. Bd6+ Kg8 48. Re7 Ng7 49. Rd7 b5 50. g4 Ra4 51. g5 fxg5 52. hxg5 Nf5 53. Be5 Rg4 54. Bf6 a5 55. Kf2 Nh4 56. d4 b4 57. Rb7 Rg2+ 58. Kf1 Rd2 59. Rb5 Kf7 60. d5 Nf3 61. Rxa5 b3 62. Rb5 b2 63. Bxb2 Nxg5 64. Bc3 Rc2 65. Rb7+ Kg6 66. Bb4 Ne4 67. Re7 Kf5 68. d6 Nxd6 69. Bxd6 Kf6 70. Re8 Kf7 71. Re3 Kf6 72. Bg3 Kf5 73. Bf2 Kf4 74. Kg2 Ra2 75. Rd3 Ra4 76. Rh3 Ra2 77. Rh4+ Kg5 78. Rd4 Ra3 79. Bg3 Kf5 80. Rf4+ Kg5 81. Kh3 Rb3 82. Re4 Kf5 83. Re5+ Kf6 84. Rd5 Rb4 85. Rc5 Ke6 86. Be1 Re4 87. Bc3 Kd6 88. Rc8 Kd7 1/2-1/2

[Event "45th FIDE Chess Olympiad Open"]
[Site "Budapest, Hungary"]
[Date "2024.09.13"]
[Round "3.233"]
[White "Blackman, Justin"]
[Black "Mwali, Chitumbo"]
[Result "0-1"]
[WhiteElo "2265"]
[BlackElo "2312"]
[PlyCount "74"]
[EventDate "2024.??.??"]
[WhiteTeam "Barbados"]
[BlackTeam "Zambia"]
[WhiteTeamCountry "BAR"]
[BlackTeamCountry "ZAM"]
[WhiteClock "0:00:33"]
[BlackClock "0:04:26"]

1. e4 e5 2. Nf3 Nc6 3. Bc4 Nf6 4. d3 Be7 5. O-O O-O 6. Nc3 d6 7. a4 h6 8. Bd2 Re8 9. a5 a6 10. h3 Bf8 11. Nh2 $146 ({RR} 11. Nd5 Nxd5 12. Bxd5 Ne7 13. Bb3 Ng6 14. Re1 Qf6 15. Nh2 Be6 16. Ng4 Qh4 17. c3 c6 18. Bxe6 fxe6 19. Kh2 Nf4 20. Bxf4 exf4 21. Kg1 Rad8 22. d4 Qe7 23. Qd3 Qf7 24. Rad1 Be7 25. Nh2 Bf6 {Tari,A (2646)-Kociscak,J (2484) Czech Republic 2022 1-0 (46)}) ({RR} 11. Nh4 Be6 12. Bxe6 Rxe6 13. Nf5 d5 14. Re1 dxe4 15. Nxe4 Nxe4 16. dxe4 Kh7 17. c3 Qd3 18. Re3 Qb5 19. b4 Rd8 20. Rf3 Qc4 21. Qe1 Rd7 22. Rg3 g6 23. Nh4 Red6 24. Nf3 Rd3 25. h4 Be7 {Ramoutar,A (2415)-Estremera Panos,S (2259) Seville ESP 2023 ½-½ (41)}) 11... Be6 12. Ng4 Nxg4 13. hxg4 Qh4 14. Nd5 Bxg4 15. f3 Be6 16. Nxc7 d5 17. Be1 Qg5 18. Nxe6 Rxe6 19. Bxd5 Bc5+ 20. Bf2 Rg6 21. g4 Qf4 22. Kg2 Bxf2 23. Rxf2 h5 24. Kf1 Rh6 25. g5 Qxg5 26. c3 Rf6 27. Ke2 Ne7 28. Bc4 Ng6 29. Qh1 Rd8 30. Rd1 h4 31. Qh2 Nf4+ 32. Kf1 Rg6 33. Rdd2 h3 34. d4 Ng2 35. b3 Qe3 36. Rd1 Qxc3 37. Rfd2 Ne3+ 0-1

[Event "45th FIDE Chess Olympiad Open"]
[Site "Budapest, Hungary"]
[Date "2024.09.13"]
[Round "3.234"]
[White "Mulenga, Prince Daniel"]
[Black "Lynch, Kemp"]
[Result "1-0"]
[WhiteElo "2184"]
[BlackElo "1944"]
[PlyCount "117"]
[EventDate "2024.??.??"]
[WhiteTeam "Zambia"]
[BlackTeam "Barbados"]
[WhiteTeamCountry "ZAM"]
[BlackTeamCountry "BAR"]
[WhiteClock "0:55:11"]
[BlackClock "0:30:53"]

1. d4 d5 2. c4 e6 3. Nf3 c5 4. cxd5 exd5 5. g3 Nc6 6. Bg2 Nf6 7. O-O cxd4 8. Nxd4 Bc5 9. Nxc6 bxc6 10. Qc2 Qb6 11. Nc3 Be7 12. e4 d4 13. e5 ({RR} 13. Na4 Qb5 14. Rd1 O-O 15. Rxd4 Bb7 16. b3 c5 17. Rd1 Rac8 18. Nc3 Qa6 19. Bb2 c4 20. e5 Ng4 21. Qe2 Bxg2 22. Kxg2 Qc6+ 23. Nd5 Nh6 24. bxc4 Bc5 25. Qe4 Rfe8 26. Bc1 f5 27. Qe2 Ng4 {Morais,M (2015)-Cardena Contreras,J (1887) Leca da Palmeira POR 2024 1-0 (79)}) 13... dxc3 14. exf6 Bxf6 15. Qe4+ Be6 $146 ({RR} 15... Kf8 16. Be3 Qb5 17. a4 Qe5 18. Qxc6 cxb2 19. Qxa8 bxa1=Q 20. Qxc8+ Qe8 21. Bc5+ Be7 22. Bxe7+ Kxe7 23. Qc5+ {1-0 (23) Bojanovic,R-Paans,A (1883) Grand Rapids, MI USA 2023}) 16. Be3 Qb5 17. Qxc6+ Qxc6 18. Bxc6+ Kd8 19. Bxa8 cxb2 20. Rad1+ Kc7 21. Bd5 Bf5 22. a4 Bc2 23. Ba2 Bxd1 24. Rxd1 g5 25. Rd5 Rb8 26. Rc5+ Kd6 27. Rb5 Rc8 28. Rd5+ Ke7 29. Rd1 a6 30. Kf1 Rc2 31. Bb1 Rc4 32. a5 h6 33. Ke2 Ra4 34. Bb6 Bc3 35. Bc2 Ra2 36. Rb1 Bxa5 37. Bxa5 Rxa5 38. Rxb2 Re5+ 39. Kd2 a5 40. Bd3 h5 41. Rb5 Kf6 42. f4 gxf4 43. gxf4 Rxb5 44. Bxb5 Kf5 45. Ke3 Kg4 46. Be2+ Kh3 47. Bxh5 f6 48. f5 Kxh2 49. Kd4 Kg3 50. Kc4 Kf4 51. Bg6 a4 52. Kb4 a3 53. Kxa3 Kg5 54. Kb4 Kh6 55. Kc5 Kg7 56. Kd6 Kf8 57. Ke6 Kg7 58. Ke7 Kh6 59. Kf7 1-0

[Event "45th FIDE Chess Olympiad Open"]
[Site "Budapest, Hungary"]
[Date "2024.09.13"]
[Round "3.235"]
[White "Corbin, Philip"]
[Black "Kaoma, Micheal"]
[Result "1/2-1/2"]
[WhiteElo "1916"]
[BlackElo "2161"]
[PlyCount "99"]
[EventDate "2024.??.??"]
[WhiteTeam "Barbados"]
[BlackTeam "Zambia"]
[WhiteTeamCountry "BAR"]
[BlackTeamCountry "ZAM"]
[WhiteClock "0:23:17"]
[BlackClock "0:30:08"]

1. e4 c5 2. Nc3 Nc6 3. f4 e6 4. Nf3 d5 5. Bb5 a6 6. Bxc6+ bxc6 7. d3 Qb6 ({RR} 7... Rb8 8. O-O a5 9. Qe1 c4 10. exd5 cxd5 11. Qe5 Bd6 12. Qxg7 Qf6 13. Qxf6 Nxf6 14. dxc4 Bc5+ 15. Kh1 Ba6 16. Re1 dxc4 17. Rb1 O-O 18. Be3 Bxe3 19. Rxe3 Rfd8 20. Re5 Bb7 21. Rxa5 Bxf3 22. gxf3 {Cabrera Pino,A (2340)-Triana,J (2280) Las Tunas 1996 1-0 (46)}) 8. b3 ({RR} 8. O-O c4+ 9. d4 Ne7 10. Qe1 Bd7 11. Na4 Qb5 12. Nc5 Nc8 13. Nxd7 Kxd7 14. f5 Bb4 15. fxe6+ fxe6 16. Ne5+ Kc7 17. Qg3 {1-0 (17) Edel,F (1651)-Kulinna,H (2061) Rostock 2015}) 8... c4 9. Na4 $146 ({RR} 9. Qe2 cxd3 10. cxd3 Nf6 11. Be3 Qa5 12. Bd2 Qc7 13. e5 Nd7 14. f5 Be7 15. Rc1 Nb6 16. O-O exf5 17. Qf2 Be6 18. Ne2 Nd7 19. Nfd4 Bc5 20. Be3 Qxe5 21. Rxc5 Nxc5 22. Nf3 Nxd3 23. Nxe5 Nxf2 {Habermann,E-Junge,K Bad Elster 1941 ½-½ (64)}) 9... Qb7 10. O-O cxd3 11. cxd3 dxe4 12. dxe4 Nf6 13. Qc2 c5 14. Re1 Bd7 15. Nc3 Be7 16. Ne5 Bb5 17. Be3 O-O 18. h3 Rac8 19. a4 Bc6 20. Bf2 Nd7 21. Nxc6 Rxc6 22. a5 Qc7 23. Nd5 Qd8 24. Nxe7+ Qxe7 25. Qc4 Rb8 26. Ra4 Qd6 27. Be3 Rc7 28. Qc2 Qc6 29. Rd1 h6 30. b4 c4 31. Bd4 Rcb7 32. Bc3 Nf6 33. Rd4 Rd7 34. Rxd7 Qxd7 35. Ra1 Qc6 36. Re1 Ne8 37. Qd2 Rc8 38. Qd4 Nf6 39. Kf2 Qc7 40. Kf3 Rd8 41. Qb6 Qxb6 42. axb6 Rd6 43. b7 Rb6 44. Rd1 Rxb7 45. Rd8+ Kh7 46. Rc8 Nd7 47. Rxc4 Nb6 48. Rc6 Na4 49. Bd2 Nb6 50. Be3 1/2-1/2

[Event "45th FIDE Chess Olympiad Open"]
[Site "Budapest, Hungary"]
[Date "2024.09.13"]
[Round "3.236"]
[White "Hapaku, Charles"]
[Black "Edwards, Emar"]
[Result "1-0"]
[WhiteElo "2102"]
[BlackElo "1898"]
[PlyCount "95"]
[EventDate "2024.??.??"]
[WhiteTeam "Zambia"]
[BlackTeam "Barbados"]
[WhiteTeamCountry "ZAM"]
[BlackTeamCountry "BAR"]
[WhiteClock "0:55:03"]
[BlackClock "0:02:02"]

1. c4 e6 2. Nc3 d5 3. d4 a6 4. e4 dxe4 5. Nxe4 Bb4+ 6. Nc3 Nf6 7. Nf3 ({RR} 7. a3 Bxc3+ 8. bxc3 b6 9. Nf3 Bb7 10. Bd3 Be4 11. O-O Bxd3 12. Qxd3 Nbd7 13. Re1 O-O 14. Bf4 Nh5 15. Bg5 Qc8 16. Qe4 h6 17. Qh4 Nhf6 18. Bxh6 gxh6 19. Qxh6 Nh7 20. Re4 f5 21. Ng5 Ndf6 {Bluebaum,M (2670)-Jones,G (2618) chess.com INT 2023 1-0 (31)}) 7... c5 8. Be2 ({RR} 8. a3 Ba5 9. Be3 O-O 10. dxc5 Bxc3+ 11. bxc3 Qa5 12. Qb3 Ng4 13. Qb4 Qc7 14. Qb6 Qxb6 15. cxb6 Nxe3 16. fxe3 Nd7 17. Rb1 Nc5 18. Be2 f6 19. O-O e5 20. Ne1 Be6 21. Nc2 Ne4 22. Bf3 Nd2 {Alarcon Bahamondes,R (2318)-Povshednyi,I (2242) chess.com INT 2024 0-1 (56)}) 8... Nc6 9. Be3 cxd4 $146 ({RR} 9... O-O 10. O-O Qe7 11. Qc2 Bd7 12. a3 Bxc3 13. Qxc3 b6 14. Rad1 Rfd8 15. dxc5 bxc5 16. Ne5 Rac8 17. Nxd7 Rxd7 18. Rxd7 Nxd7 19. Rd1 Nf6 20. Bf3 e5 21. Re1 Nd4 22. Bxd4 cxd4 23. Qxd4 exd4 24. Rxe7 {Alvarez Poves,J (1794)-Levitan,C (1412) Madrid 2019 1-0 (55)}) ({RR} 9... Ng4 10. a3 Nxe3 11. fxe3 Ba5 12. Rc1 cxd4 13. exd4 Bc7 14. b4 O-O 15. Qd2 Qf6 16. g3 b6 17. O-O Bb7 18. d5 Rad8 19. Qe3 Ne5 20. Rcd1 Ng4 21. Qc1 exd5 22. Nxd5 Bxd5 23. cxd5 Qe7 24. Bxa6 {Mulenga,P (2234)-Dhulipalla,B (2384) Dubai 2019 ½-½ (46)}) 10. Nxd4 Bxc3+ 11. bxc3 e5 12. Nxc6 Qxd1+ 13. Rxd1 bxc6 14. Bc5 Bf5 15. Bd6 e4 16. O-O Rd8 17. Rfe1 Rd7 18. f3 Kd8 19. c5 Ne8 20. fxe4 Nxd6 21. cxd6 Bxe4 22. Bxa6 Re8 23. Bc4 f5 24. Re2 Ra7 25. Bb3 Kd7 26. Rdd2 Rf8 27. g4 g6 28. g5 Rb8 29. Re3 Ke8 30. Be6 Rb1+ 31. Kf2 Rab7 32. d7+ Kd8 33. Rh3 R1b2 34. Rxb2 Rxb2+ 35. Ke3 Kc7 36. Rxh7 Rb8 37. d8=Q+ Kxd8 38. Rh8+ Kc7 39. Rxb8 Kxb8 40. Bf7 Bb1 41. a3 Kc7 42. Kf4 Kb6 43. Bxg6 Ka5 44. Bxf5 Ba2 45. h4 Ka4 46. h5 Kxa3 47. h6 Bg8 48. g6 1-0

[Event "45th FIDE Chess Olympiad Open"]
[Site "Budapest, Hungary"]
[Date "2024.09.13"]
[Round "3.237"]
[White "Santos Flores, Alberto"]
[Black "Alrehaili, Ahmed Abdullah S"]
[Result "1/2-1/2"]
[WhiteElo "2168"]
[BlackElo "2117"]
[PlyCount "77"]
[EventDate "2024.??.??"]
[WhiteTeam "Ecuador"]
[BlackTeam "Saudi Arabia"]
[WhiteTeamCountry "ECU"]
[BlackTeamCountry "SAU"]
[WhiteClock "0:03:00"]
[BlackClock "0:01:02"]

1. e4 e5 2. Nf3 Nc6 3. Bc4 Bc5 4. c3 Nf6 5. d3 O-O 6. O-O d5 7. exd5 Nxd5 8. Re1 Bg4 9. Nbd2 Nb6 10. Ne4 Nxc4 11. Nxc5 Nd6 12. h3 Bh5 13. g4 Bg6 14. Nxe5 Nxe5 15. Rxe5 b6 16. Nb3 Nc4 17. Re1 Bxd3 18. Nd4 Bg6 19. b3 $146 ({RR} 19. Nc6 Qh4 20. Qf3 Nd6 21. Bf4 Rae8 22. Ne5 Re6 23. Nxg6 hxg6 24. Re3 Rfe8 25. Rae1 Rxe3 26. Rxe3 Rxe3 27. Qxe3 Qd8 28. Bg5 Qe8 29. Qxe8+ Nxe8 30. Kg2 Nd6 31. Bf4 Kf8 32. Bxd6+ cxd6 33. f4 f5 {Kobzev,D (2058)-Smolskiy,M (2094) Tula 2005 1-0 (68)}) 19... Nd6 20. Qf3 Re8 21. Rxe8+ Qxe8 22. Bf4 Rd8 23. Qe3 Qd7 24. Re1 Re8 25. Qc1 Ne4 26. Re3 c5 27. Nf3 f5 28. Ne5 Rxe5 29. Bxe5 fxg4 30. Qe1 Ng5 31. hxg4 Qxg4+ 32. Bg3 Be4 33. Qe2 Qxe2 34. Rxe2 Nf3+ 35. Kg2 Ng5+ 36. Kh2 Nf3+ 37. Kg2 Ng5+ 38. Kh2 Nf3+ 39. Kg2 1/2-1/2

[Event "45th FIDE Chess Olympiad Open"]
[Site "Budapest, Hungary"]
[Date "2024.09.13"]
[Round "3.238"]
[White "Al Thebaiti, Ahmed M"]
[Black "Noboa Silva, Kevin"]
[Result "0-1"]
[WhiteElo "1993"]
[BlackElo "2270"]
[PlyCount "82"]
[EventDate "2024.??.??"]
[WhiteTeam "Saudi Arabia"]
[BlackTeam "Ecuador"]
[WhiteTeamCountry "SAU"]
[BlackTeamCountry "ECU"]
[WhiteClock "0:19:02"]
[BlackClock "0:39:09"]

1. e4 c5 2. Nf3 e6 3. g3 Nc6 4. Bg2 Nf6 5. Qe2 d6 6. O-O Be7 7. c3 O-O 8. d3 Bd7 ({RR} 8... Rb8 9. a3 b5 10. b4 a5 11. bxc5 dxc5 12. Rd1 Ba6 13. d4 Re8 14. a4 cxd4 15. cxd4 Nb4 16. Nc3 bxa4 17. Qd2 Rc8 18. Rxa4 Qc7 19. Bb2 Red8 20. Bf1 Bxf1 21. Kxf1 Qb7 22. Qe2 Rxc3 23. Bxc3 {Perez Ponsa,F (2585)-Pantsulaia,L (2607) Doha 2016 1-0 (50)}) ({RR} 8... Rb8 9. h3 b5 10. a3 a5 11. Be3 d5 12. e5 Nd7 13. d4 b4 14. axb4 cxb4 15. Rc1 Rb6 16. c4 dxc4 17. Nfd2 c3 18. bxc3 Bb7 19. d5 Ncxe5 20. Bxb6 Qxb6 21. cxb4 axb4 22. Nb3 Bxd5 23. Bxd5 {Ceres,D (2438)-Grigoryan,K (2638) Lorca ESP 2023 1-0}) 9. Nbd2 Rc8 10. a4 $146 ({RR} 10. Ne1 b5 11. f4 Qa5 12. Nc2 b4 13. c4 Qc7 14. Nf3 a5 15. Ne3 Rfd8 16. g4 Nd4 17. Qf2 Bc6 18. g5 Nxf3+ 19. Qxf3 Nd7 20. Qh5 g6 21. Qh3 h5 22. f5 exf5 23. exf5 Bxg2 24. Qxg2 Ne5 {Szabo,L-Orbaan,C Wageningen 1957 1-0}) 10... a6 11. Rd1 Qc7 12. h3 b5 13. axb5 axb5 14. Nf1 Ne5 15. Ne1 Bc6 16. f4 Ned7 17. Be3 Nb6 18. Bf2 Qb7 19. Nd2 Na4 20. e5 Nd7 21. Ndf3 Rfd8 22. Qc2 Qb8 23. b3 Nab6 24. exd6 Bxd6 25. d4 c4 26. b4 Nf6 27. Ne5 Bxg2 28. Nxg2 Qb7 29. d5 Nfxd5 30. Ra5 Bxe5 31. fxe5 Na4 32. Be1 Ra8 33. Rxa8 Qxa8 34. Rd4 Qb8 35. Rh4 h6 36. Rh5 Ne7 37. Bd2 Rd3 38. Kh2 Qd8 39. Be1 Ng6 40. Qc1 Qd5 41. g4 Qf3 0-1

[Event "45th FIDE Chess Olympiad Open"]
[Site "Budapest, Hungary"]
[Date "2024.09.13"]
[Round "3.239"]
[White "Garzon Zapatanga, Christopher Leonel"]
[Black "Alshnaiber, Yazeed"]
[Result "1-0"]
[WhiteElo "2216"]
[BlackElo "1889"]
[PlyCount "115"]
[EventDate "2024.??.??"]
[WhiteTeam "Ecuador"]
[BlackTeam "Saudi Arabia"]
[WhiteTeamCountry "ECU"]
[BlackTeamCountry "SAU"]
[WhiteClock "1:01:45"]
[BlackClock "0:04:57"]

1. e4 {Postny,Evgeny} e5 2. Nf3 Nc6 3. Bb5 f5 4. d3 fxe4 5. dxe4 Nf6 6. O-O Bc5 7. Bxc6 bxc6 8. Nxe5 O-O 9. Nc3 ({RR} 9. Bg5 Qe8 10. Bxf6 Rxf6 11. Nd3 Bd4 12. Nd2 ({RR} 12. c3 Bb6 13. e5 Rh6 14. Nd2 Ba6 15. c4 d5 16. Rc1 Rd8 17. Qe2) 12... Ba6 13. Rb1 ({RR} 13. c4 c5 14. Rc1 Bb7 15. Qe2 Qg6 16. Kh1 Re8 17. Rce1 d6 18. f3) 13... d6 14. c4 c5 15. b4 Qf7 16. Kh1 Rf8 17. f4 Bxc4 18. Nxc4 Qxc4) 9... d6 10. Nd3 Bd4 11. Ne2 ({RR} 11. Nb4 Bxc3 12. bxc3 c5 13. Nd5 Nxe4 14. f3 Nf6 15. Bg5 Be6 16. Bxf6 gxf6) 11... Bb6 12. Bg5 ({RR} 12. Ng3 Ba6) 12... Qe8 13. Bxf6 Rxf6 14. Ng3 Ba6 ({RR} 14... Qf7 15. b3 Be6 16. Qd2 Rf8 17. Rae1 Rh6 18. Qc3 ({RR} 18. c4 Qf6 19. h3 Bxh3 20. gxh3 Qh4 21. Re3 Qxh3 22. Rfe1 Bd4) 18... Rf6 ({RR} 18... Qe7 19. Nf5 Bxf5 20. exf5 Qh4 21. h3) ({RR} 18... Qd7) 19. Re2 ({RR} 19. Qxc6 Bd7 ({RR} 19... Bxf2+ 20. Nxf2 Rxf2 21. Nf5 Rxf1+ 22. Rxf1) ({RR} 19... h5 20. h3 h4 21. Nf5 Bd7 22. Qc3 Bxf5 23. exf5 Rxf5 24. Re2) 20. Qc3 Rxf2 ({RR} 20... h5 21. Nf5 Bxf5 22. exf5 Rxf5 23. Re2) 21. Nxf2 Bxf2+ 22. Kh1 Bxe1 23. Qxe1) 19... Bg4 20. Rd2 ({RR} 20. Ree1 Rxf2 21. Nxf2 Bxf2+ 22. Kh1 Bxe1 23. Qxe1 Qe7 24. Rxf8+ Qxf8 25. h3 Bd7 26. Kh2) 20... Be3 21. h3 Bxd2 22. Qxd2 Bc8 23. f4 h5 24. f5 h4 25. Ne2 Re8 ({RR} 25... d5 26. Ne5 Qh5 27. Ng4 R6f7 28. Ne5) ({RR} 25... Qe7 26. Nf2 ({RR} 26. Qf4 Bxf5) 26... d5 27. Ng4 R6f7) 26. Nf2 d5 27. Ng4 Rxe4 28. Nxf6+ Qxf6 29. Nc1 {Anand,V (2798)-Carlsen,M (2775) Bilbao 2008 CBM 126 [Postny,Evgeny] ½-½ (36)} {RR} Re5 30. Nd3 Rxf5) ({RR} 14... Qf7 15. Kh1 Ba6 16. e5 Rh6 17. Qg4 dxe5 18. Nxe5 Qe6 19. Nf5 Rxh2+ 20. Kxh2 Qxe5+ 21. f4 Qf6 22. Rfe1 Rf8 23. Ne7+ Kh8 24. Re6 Qxb2 25. Rd1 Qxa2 26. Qf5 Ra8 27. Rh6 {1-0 (27) Piorun,K (2597)-Lagarde,M (2642) chess.com INT 2024}) 15. a4 ({RR} 15. Kh1 Bxd3 16. cxd3 Rxf2 17. Rxf2 Bxf2 18. Nf5 Bb6 19. Qg4 ({RR} 19. Qb3+ Kh8 20. Qc3 Qd7) 19... Qf8 20. Rf1 g6) 15... Bd4 $146 ({RR} 15... Qf7 16. Nf5 Bxd3 17. cxd3 a5 18. Qc2 d5 19. Kh1 Re8 20. f3 Qe6 21. Rac1 h5 22. Qc3 g6 23. Nd4 Qe5 24. Nxc6 Qxc3 25. Rxc3 dxe4 26. dxe4 Rxe4 27. Rc2 Rxa4 28. Ne7+ Kf7 29. Nd5 Rf5 30. Nc3 {Antonio,R (2541)-Yang,K (2373) Ho Chi Minh City 2013 1-0 (46)}) 16. c3 Be5 17. Nxe5 Qxe5 18. Re1 Raf8 19. f3 c5 20. Qd2 h5 21. Nf5 g6 22. Ne3 Bb7 23. Rad1 Bc6 24. Nd5 Bxd5 25. Qxd5+ Qxd5 26. Rxd5 Rb8 27. Re2 Kf7 28. e5 Rf5 29. c4 Rb4 30. exd6 cxd6 31. Rxd6 Rxa4 32. b3 Ra1+ 33. Kf2 Rb1 34. Re3 Rb2+ 35. Kf1 Rb1+ 36. Ke2 Rg1 37. Kf2 Rb1 38. h4 g5 39. Rd5 Rxd5 40. cxd5 gxh4 41. d6 Rd1 42. Re5 Rxd6 43. Rxh5 Rd4 44. Rxc5 Rb4 45. Rc4 Rxc4 46. bxc4 Ke6 47. Ke3 a5 48. Kd4 Kd6 49. f4 a4 50. Kc3 Kc5 51. f5 Kd6 52. Kb4 Ke5 53. Kxa4 Kxf5 54. c5 Kg4 55. c6 Kg3 56. c7 Kxg2 57. c8=Q h3 58. Qg4+ 1-0